| 000 | 00652nam a2200217 a 4500 | ||
|---|---|---|---|
| 001 | 67787 | ||
| 003 | BD-RjUL | ||
| 005 | 20211209081707.0 | ||
| 008 | 170328r20112008ii a|||| |||| 001 0 eng d | ||
| 035 | _a(BD-RjUL)67996 | ||
| 040 |
_aBD-RjUL _beng _cBD-RjUL _dBD-RjUL |
||
| 041 | _aeng | ||
| 082 |
_223 _a910.285 _bPAG 2011 |
||
| 100 | 1 |
_aPanigrahi, Narayan _9200954 |
|
| 245 | 1 | 0 |
_aGeographical information science / _cNarayan Panigrahi |
| 260 |
_aHyderabad : _bUniversities Press, _c2008 [reprint 2011] |
||
| 300 |
_axi, 276 p. : _bill. ; _c26 cm. |
||
| 500 | _aIncludes index | ||
| 650 |
_aGeographic information systems _9122258 |
||
| 942 |
_2ddc _cBK |
||
| 999 |
_c67787 _d67787 |
||